Missing Word: 'H' Song Endings Quiz Stats

Quiz Updated Aug 24, 2015

Challenge
Share
Tweet
Embed
Score 0/20 Timer 04:00
2 Plays Today
Song Missing Word % Correct
Stairway To _____Heaven
99.5%
Don't Go Breaking My _____Heart
99.3%
Don't Worry Be _____Happy
98.3%
Drop It Like It's _____Hot
94.7%
All I _____Have
90.6%
Sexual _____Healing
83.1%
Buddy _____Holly
81.2%
Brick _____House
79.6%
Blueberry _____Hill
74.7%
Rock You Like A _____Hurricane
71.5%
Song Missing Word % Correct
Love _____Hurts
63.8%
Taste Of _____Honey
59.7%
Wild _____Horses
57.7%
My _____Humps
52.9%
Gives You _____Hell
51.8%
Sister Golden _____Hair
51.1%
Angel Of _____Harlem
35.4%
One _____Headlight
28.6%
You're Makin' Me _____High
19.7%
Love _____Hangover
15.8%

Today's Daily Dose

Missing Word
'F' Science

Word Ladder
Guitar Heroes

Quick Pick
Zambian Borders

On This Day
April 22nd II

You're not logged in!

Compare scores with friends on all Sporcle quizzes.
Sign Up with Email
OR
Log In

You Might Also Like...

Show Comments

Extras

Top Quizzes Today


Score Distribution

Your Account Isn't Verified!

In order to create a playlist on Sporcle, you need to verify the email address you used during registration. Go to your Sporcle Settings to finish the process.

Report this User

Report this user for behavior that violates our Community Guidelines.

Details: